'90s Movie by Villain Quiz Stats

 Plays Quiz Updated Apr 23, 2019

Score 0/24 Timer 05:00
8 Plays Today
% Correct
The Lion King
95.5%
Home Alone 2: Lost in New York
92.2%
Austin Powers: International Man of Mystery
91.9%
Hook
90.8%
Star Wars: Episode I – The Phantom Menace
89%
The Matrix
84.4%
Schindler's List
80.9%
Batman Returns
80.3%
Air Force One
78.5%
Misery
75.9%
Terminator 2: Judgment Day
72.7%
Basic Instinct
72.5%
% Correct
Point Break
71%
Silence of the Lambs
61.5%
Se7en
61.4%
Speed
60.5%
Con Air
58.6%
The Talented Mr. Ripley
52.5%
Robin Hood: Prince of Thieves
51.9%
Cape Fear
51.8%
Face/Off
43.7%
The Hand That Rocks the Cradle
38%
Single White Female
35%
New Jack City
25.7%

You're not logged in!

Compare scores with friends on all Sporcle quizzes.
OR
Log In

Sporcle TV

Today on Sporcle TV


Watch our educational content, quiz creation guides, and fun videos on Sporcle TV.

Show Comments

Extras

Top Quizzes Today


Score Distribution

Your Account Isn't Verified!

In order to create a playlist on Sporcle, you need to verify the email address you used during registration. Go to your Sporcle Settings to finish the process.

Report this User

Report this user for behavior that violates our Community Guidelines.

Details: